| 000 | 00585nam a22001577a 4500 | ||
|---|---|---|---|
| 003 | OSt | ||
| 005 | 20151104091000.0 | ||
| 008 | 151104b xxu||||| |||| 00| 0 eng d | ||
| 040 | _cRUA | ||
| 082 | _aFOR ជា 1995 B120 Or.1 | ||
| 100 |
_93308 _aជាំ ង៉ែត |
||
| 245 | _aសិក្សាអំពីជំរកធម្មជាតិ និង ចំណីអាហារដែលត្រូវចិញ្ចឹមក្នុង សួនសត្វភ្នំតាម៉ៅ | ||
| 260 |
_aPhnom Penh _bRUA _c1995 |
||
| 300 |
_a83p. _bill. _c29cm. |
||
| 942 |
_2ddc _cFOR |
||
| 999 |
_c3087 _d3087 |
||